LEADER 03728oam 2200709I 450 001 9910450648603321 005 20200520144314.0 010 $a1-134-88882-1 010 $a1-134-88883-X 010 $a1-280-33149-6 010 $a0-203-30853-0 010 $a0-203-03698-0 024 7 $a10.4324/9780203036983 035 $a(CKB)1000000000248106 035 $a(EBL)169555 035 $a(OCoLC)252799255 035 $a(SSID)ssj0000289887 035 $a(PQKBManifestationID)11255019 035 $a(PQKBTitleCode)TC0000289887 035 $a(PQKBWorkID)10402247 035 $a(PQKB)10034294 035 $a(SSID)ssj0000110731 035 $a(PQKBManifestationID)11137848 035 $a(PQKBTitleCode)TC0000110731 035 $a(PQKBWorkID)10064713 035 $a(PQKB)11421257 035 $a(MiAaPQ)EBC169555 035 $a(Au-PeEL)EBL169555 035 $a(CaPaEBR)ebr10057638 035 $a(CaONFJC)MIL33149 035 $a(EXLCZ)991000000000248106 100 $a20180331d1995 uy 0 101 0 $aeng 135 $aur|n|---||||| 181 $ctxt 182 $cc 183 $acr 200 00$aBetween poverty and the pyre $emoments in the history of widowhood /$fedited by Jan Bremmer and Lourens van den Bosch 210 1$aLondon ;$aNew York :$cRoutledge,$d1995. 215 $a1 online resource (285 p.) 300 $aDescription based upon print version of record. 311 $a0-415-51338-3 311 $a0-415-08370-2 320 $aIncludes bibliographical references (p. 247-251) and index. 327 $aBook Cover; Title; Contents; List of illustrations; Notes on contributors; Preface; Editors' note; WIDOWS' WORLDS Representations and realities Marjo Buitelaar; THE PUBLIC IMAGE OF THE WIDOW IN ANCIENT ISRAEL Karel van der Toorn; PAUPER OR PATRONESS The widow in the Early Christian Church Jan N.Bremmer; WIDOWS IN ANGLO-SAXON ENGLAND Rolf H.Bremmer Jr; WIDOWS AND THE LAW The legal position of widows in the Dutch Republic during the seventeenth and eighteenth centuries Dieneke Hempenius-van Dijk; 'EUROPEAN' WIDOWS IN THE DUTCH EAST INDIES Their legal and social position Heleen C.Gall 327 $aWOMEN WITHOUT MEN Widows and spinsters in Britain and France in the eighteenth century Olwen HuftonNOBLE WIDOWS BETWEEN FORTUNE AND FAMILY Yme Kuiper; THE ULTIMATE JOURNEYSat and widowhood in India Lourens P. van den Bosch; WIDOWS IN ISLAM Willy Jansen; WIDOWS HIDDEN FROM VIEW The disappearance of mourning dress among Dutch widows in the twentieth century Geertje van Os; WIDOWS IN WESTERN HISTORY A select bibliography Frouke Veenstra and Kirsten van der Ploeg; Index 330 $aBetween Poverty and the Pyre examines the history of the experience of widowhood across different cultures. It brings together a collection of essays by historians, anthropologists and philologists. The book shows how difficult it is to define the 'typical' widow, as the experiences of these women have differed so widely, not simply because of their different time periods and locations, but also becuase of their varying legal and religious status and economic conditions. The study is diverse with subjects ranging from: *Hindu wives who followed their husbands to the pyre * 606 $aWidowhood$vCross-cultural studies 606 $aLife cycle, Human 608 $aElectronic books. 615 0$aWidowhood 615 0$aLife cycle, Human. 676 $a305.48/9654/09 701 $aBremmer$b Jan N$0157056 701 $aBosch$b Lourens van den$f1944-$0961188 801 0$bMiAaPQ 801 1$bMiAaPQ 801 2$bMiAaPQ 906 $aBOOK 912 $a9910450648603321 996 $aBetween poverty and the pyre$92179094 997 $aUNINA LEADER 06519nam 22006615 450 001 9910623994503321 005 20251113181532.0 010 $a3-031-09857-9 024 7 $a10.1007/978-3-031-09857-4 035 $a(CKB)5600000000511174 035 $a(DE-He213)978-3-031-09857-4 035 $a(oapen)https://directory.doabooks.org/handle/20.500.12854/93930 035 $a(MiAaPQ)EBC7121393 035 $a(Au-PeEL)EBL7121393 035 $a(OCoLC)1351752508 035 $a(PPN)265856566 035 $a(ODN)ODN0010067352 035 $a(oapen)doab93930 035 $a(EXLCZ)995600000000511174 100 $a20221024d2022 u| 0 101 0 $aeng 135 $aurnn#008mamaa 181 $ctxt$2rdacontent 182 $cc$2rdamedia 183 $acr$2rdacarrier 200 10$aBeyond 100: The Next Century in Geodesy $eProceedings of the IAG General Assembly, Montreal, Canada, July 8-18, 2019 /$fedited by Jeffrey T. Freymueller, Laura Sánchez 205 $a1st ed. 2022. 210 1$aCham :$cSpringer International Publishing :$cImprint: Springer,$d2022. 215 $a1 online resource (IX, 286 p. 10 illus.) 225 1 $aInternational Association of Geodesy Symposia,$x2197-9359 ;$v152 311 08$a3-031-09856-0 327 $aPart I: Reference Systems and Frames -- Towards an International Height Reference Frame Using Clock Networks -- Towards the realization of the International Height Reference Frame (IHRF) in Argentina -- Comparing Vienna CRF solutions to Gaia-CRF2 -- Co-Location of Space Geodetic Techniques: Studies on Intra-Technique Short Baselines -- Status of IGS Reprocessing Activities at GFZ -- A Wavelet-based Outlier Detection and Noise Component Analysis for GNSS Position Time Series -- Part II: Gravity field modelling -- International Combination Service for Time-variable Gravity Fields (COST-G) ? Start of operational phase and future perspectives -- LUH-GRACE2018: a new time series of monthly gravity field solutions from GRACE -- A Precise Geoid Model for Africa: AFRgeo2019 -- Part III: Earth rotation and geodynamics -- A first assessment of the corrections for the consistency of the IAU2000 and IAU2006 precession-nutation models -- Report of the IAU/IAG Joint Working Group on Theory of Earth rotation andvalidation -- Achievements of the first 4 years of the International Geodynamics and Earth Tide Service (IGETS) 2015 ? 2019 -- Inter-comparison of ground gravity and vertical height measurements at collocated IGETS stations -- Part IV: Multi-Signal Positioning, Remote Sensing and Applications -- A Benchmarking Measurement Campaign to Support Ubiquitous Localization in GNSS Denied and Indoor Environments -- A method to correct the raw Doppler observations for GNSS velocity determination -- Assessment of a GNSS/INS/Wi-Fi Tight-Integration Method Using Support Vector Machine and Extended Kalman Filter -- Enhancing navigation in difficult environments with low-cost, dual-frequency GNSS PPP and MEMS IMU -- Part V: Monitoring and Understanding the Dynamic Earth with Geodetic Observations -- Water Depletion and Land Subsidence in Iran using Gravity, GNSS, InSAR and Precise Levelling Data -- Past and future sea level changes and land uplift in the Baltic Sea seen by geodetic observations -- Estimation ofLesser Antilles vertical velocity fields using a GNSS-PPP software comparison -- Time variations of the vertical component in Japanese GEONET GNSS sites -- An approximate method to simulate post-seismic deformations in a realistic Earth model -- Geodetic monitoring of the variable surface 1 deformation in Latin America -- Progress in GTEWS ground displacement measurements and tsunami warning -- Part VI: Geodesy for Atmospheric and Hydrospheric Climate Research (IAG, IAMAS, IACS, IAPSO) -- Characterization of the Upper Atmosphere from Neutral and Electron Density Observations -- Tropospheric products from high-level GNSS processing in Latin America -- Can vertical GPS displacements serve as proxies for climate variability in North America? -- Tracking Hurricanes using GPS atmospheric precipitable water vapor field -- Continuous monitoring with a superconducting gravimeter as a proxy for water storage changes in a mountain catchment -- Least-Squares Spectral and Coherency Analysis of the Zenith Total Delay Time Series at SuomiNet Station SA56 (UNB2). 330 $aThis open access book contains 30 peer-reviewed papers based on presentations at the 27th General Assembly of the International Union of Geodesy and Geophysics (IUGG). The meeting was held from July 8 to 18, 2019 in Montreal, Canada, with the theme being the celebration of the centennial of the establishment of the IUGG. The centennial was also a good opportunity to look forward to the next century, as reflected in the title of this volume. The papers in this volume represent a cross-section of present activity in geodesy, and highlight the future directions in the field as we begin the second century of the IUGG. During the meeting, the International Association of Geodesy (IAG) organized one Union Symposium, 6 IAG Symposia, 7 Joint Symposia with other associations, and 20 business meetings. In addition, IAG co-sponsored 8 Union Symposia and 15 Joint Symposia. In total, 3952 participants registered, 437 of them with IAG priority. In total, there were 234 symposia and 18 Workshops with 4580 presentations, of which 469 were in IAG-associated symposia. . 410 0$aInternational Association of Geodesy Symposia,$x2197-9359 ;$v152 606 $aGeology 606 $aGeotechnical engineering 606 $aGeographic information systems 606 $aGeology 606 $aGeotechnical Engineering and Applied Earth Sciences 606 $aGeographical Information System 615 0$aGeology. 615 0$aGeotechnical engineering. 615 0$aGeographic information systems. 615 14$aGeology. 615 24$aGeotechnical Engineering and Applied Earth Sciences. 615 24$aGeographical Information System. 676 $a551 686 $aSCI019000$aSCI032000$aTEC036000$2bisacsh 700 $aFreymueller$b Jeffrey T$4edt$0937838 702 $aFreymueller$b Jeffrey T.$4edt$4http://id.loc.gov/vocabulary/relators/edt 702 $aSa?nchez$b Laura$4edt$4http://id.loc.gov/vocabulary/relators/edt 801 0$bMiAaPQ 801 1$bMiAaPQ 801 2$bMiAaPQ 906 $aBOOK 912 $a9910623994503321 996 $aBeyond 100: The Next Century in Geodesy$93035444 997 $aUNINA